| 000 | 01430cam a2200313 a 4500 | ||
|---|---|---|---|
| 001 | 12829657 | ||
| 005 | 20050110144401.0 | ||
| 008 | 020624s2003 enkb |rb 001 0 eng | ||
| 010 | _a 2002026768 | ||
| 020 | _a9780333947265 (Paperback) | ||
| 040 |
_aDLC _cDLC _dDLC |
||
| 043 |
_ae-uk--- _ab------ |
||
| 050 | 0 | 0 |
_aDA16 _b.J65 2002 |
| 082 | 0 | 0 |
_a325.320941 _222 _bJOH |
| 100 | 1 |
_aJohnson, Robert, _d1967- _916131 |
|
| 245 | 1 | 0 |
_aBritish Imperialism / _cRobert Johnson. |
| 260 |
_aHoundmills, Basingstoke, Hampshire ; _aNew York : _bPalgrave Macmillan, 2003 _c2003. |
||
| 300 |
_axv, 284 p. : _bmaps ; _c23 cm. |
||
| 490 |
_aHistories and controversies _916132 |
||
| 504 | _aIncludes bibliographical references (p. 257-276) and index. | ||
| 650 | 0 |
_aImperialism _xHistory. _916133 |
|
| 651 | 0 |
_aGreat Britain _xColonies _xHistory. _916134 |
|
| 856 | 4 | 2 |
_3Contributor biographical information _uhttp://www.loc.gov/catdir/bios/hol052/2002026768.html |
| 856 | 4 | 2 |
_3Publisher description _uhttp://www.loc.gov/catdir/description/hol031/2002026768.html |
| 856 | 4 | 1 |
_3Table of contents _uhttp://www.loc.gov/catdir/toc/hol031/2002026768.html |
| 942 |
_2ddc _cBB |
||
| 999 |
_c14452 _d14452 |
||